Normal view MARC view

Entry Topical Term

Number of records used in: 1

001 - CONTROL NUMBER

  • control field: 259493

003 - CONTROL NUMBER IDENTIFIER

  • control field: OSt

005 - DATE AND TIME OF LATEST TRANSACTION

  • control field: 20260327095853.0

008 - FIXED-LENGTH DATA ELEMENTS

  • fixed length control field: 260327|| aca||aabn | a|a d

040 ## - CATALOGING SOURCE

  • Original cataloging agency: OSt
  • Transcribing agency: OSt

150 ## - HEADING--TOPICAL TERM

  • Topical term or geographic name entry element: Indian Adaptation

670 ## - SOURCE DATA FOUND

  • Source citation: Work cat.: (OSt)241074: Michael T Goodrich and others [...Et al] 259492, Data structures and algorithms in python, 2025